000 00760nam a2200241 i 4500
001 bg
100 1 _aTrzebiatowski, Włodzimierz.
245 1 0 _aZarys rentgenograficznej analizy strukturalnej /
_cWłodzimierz Trzebiatowski, Kazimierz Łukaszewicz.
250 _aWyd. 2 przerobione i uzup.
260 _aWarszawa :
_bWydawnictwo Górniczo-Hutnicze,
_c1960.
300 _a310, [1] s., [3] k. tabl. (niektóre złoż.) :
_bil. ;
_c21 cm.
650 9 _aPromieniowanie
650 9 _aKrystalografia
650 9 _aKryształy
655 _aPodręczniki akademickie
700 1 _aŁukaszewicz, Kazimierz.
040 _cBPK
041 _apol
044 _aPOL
080 _a537.531:538.91:548
942 _cKS
008 s pl f |000 0 pol
999 _c50792
_d50792
856 _uhttp://koha.tu.koszalin.pl/cgi-bin/koha/opac-detail.pl?biblionumber=50792
_yKatalog online BPK